000 00731nam a2200241Ia 4500
003 OSt
005 20220925172157.0
006 a|||||r|||| 00| 0
007 ta
008 220923b |||||||| |||| 00| 0 eng d
037 _cGeneral Book
040 _aRTL
_cRTL
_beng
041 _2eng
_aeng
082 _aX:8-99T:(D), M0
100 _aHaavind Robert C Ed.
_9240767
245 0 _aSuccessful engineer-manager
_b A practical guide to
260 _aBombay
_bD B Taraporevale
_c1980
300 _a164p.
_ccm.
650 _aManagement
_930681
700 _a Turmail Richard L Ed.
_9240768
942 _hX:8-99T:(D), M0
_cGB
_2CC
999 _c484392
_d484392